000 00345nam a2200133Ia 4500
008 240624s9999 xx 000 0 und d
041 _aeng
082 _a332.41 RAO
100 _aRAO SHILPA M
245 _aINFLATION CONCEPTS AND EXPERIENCES
260 _c2004
_aHyderabad
_bICFAI press
300 _aviii, , 186 , 23 : p. : cm.
365 _cRS
_b50
999 _c6569
_d6569